Guess the rapper 2022 edition - Statistics

General Stats
  • This quiz has been taken 1,917 times
  • The average score is 14 of 20
Answer Stats
Picture Answer % Correct
Juice WRLD
94%
Nle Choppa
94%
Snoop Dogg
94%
Post Malone
93%
Lil uzi vert
90%
Lil Baby
89%
Lil Wayne
89%
Cardi B
82%
YNW Melly
82%
Polo G
80%
ASAP Rocky
79%
Megan Thee Stallion
77%
Lil Tjay
75%
Chance The Rapper
74%
Travis Scott
65%
Central Cee
53%
Iggy Azalea
37%
Saweetie
23%
Flo Milli
9%
Freeze Corleone
6%
No matching quizzes found
Score Distribution
Percent of People with Each Score
Percentile by Number Answered
Your Score History
You have not taken this quiz